000 00730nam a2200241Ia 4500
003 OSt
005 20220928140205.0
006 a|||||r|||| 00| 0
007 ta
008 220927b |||||||| |||| 00| 0 eng d
024 _a7481
037 _cTextual
040 _aSDCL
_cSDCL
_beng
041 _2eng
_aeng
082 _aB27, N8
100 _aFeigin B
_9494593
245 0 _aTopics in quantum groups and finite -type invariants
_b Mathematics at the independent university of moscow .
260 _c1998
490 _aAmerican mathematical society translations series 2V 185
700 _a Vassiliev V Ed.
_9494594
942 _hB27, N8
_cTEXL
_2CC
999 _c810556
_d810556